Papers and proceedings (Record no. 346447)

000 -LEADER
fixed length control field 00661cam a22001457a 4500
008 - FIXED-LENGTH DATA ELEMENTS--GENERAL INFORMATION
fixed length control field 180718b1979 xxu||||| |||| 00| 0 eng d
082 ## - DEWEY DECIMAL CLASSIFICATION NUMBER
Classification number P955x54 In2
100 ## - MAIN ENTRY--PERSONAL NAME
Personal name Seminar on Standardisation of Techniques and Procedures for Information Handling: Library and Inforamation Systems for Rural Development (8th: Dec. 26-29, 1978: I.I.T., Madras)
245 ## - TITLE STATEMENT
Title Papers and proceedings
Statement of responsibility, etc. edited by S.K. Kapoor
260 ## - PUBLICATION, DISTRIBUTION, ETC.
Place of publication, distribution, etc. Calcutta
Name of publisher, distributor, etc. Indian Association of Special Libraries and Information Centre
Date of publication, distribution, etc. 1979
300 ## - PHYSICAL DESCRIPTION
Extent 148P.
650 ## - SUBJECT ADDED ENTRY--TOPICAL TERM
Topical term or geographic name entry element Information service - India
700 ## - ADDED ENTRY--PERSONAL NAME
Personal name Indian Association of Special Libraries and information Centre
700 ## - ADDED ENTRY--PERSONAL NAME
Personal name Kapoor, S.K.
Holdings
Withdrawn status Lost status Damaged status Not for loan Permanent Location Current Location Date acquired Full call number Barcode Date last seen Price effective from Koha item type
        Indian Institute of Public Administration Indian Institute of Public Administration 1994-06-06 Z47 In8 61877 2018-07-21 2018-07-21 Book
        Indian Institute of Public Administration Indian Institute of Public Administration 1993-11-19 P9 R137 61526 2018-07-21 2018-07-21 Book
        Indian Institute of Public Administration Indian Institute of Public Administration 1993-10-11 P955x54 In2 59368 2018-07-21 2018-07-21 Book
        Indian Institute of Public Administration Indian Institute of Public Administration 1994-03-26 L231 C76 29779 2018-07-21 2018-07-21 Book
        Indian Institute of Public Administration Indian Institute of Public Administration 2010-01-06 J400 R263/2 19650 2018-07-21 2018-07-21 Book

Powered by Koha